000 00513nam a2200217Ia 4500
003 OSt
005 20230425101641.0
008 210423s2010 xx 000 0 und d
020 _a9780070085527
040 _cAL
041 _aeng
082 _a515 SCHF
_223
100 _aSCHEID (Francis).
_992299
245 _aNumerical analysis.
250 _a2
260 _aNew Delhi
_bTata McGrawhill
_c2010
300 _axiv,30.7
_bPB
365 _b375
_cINR
906 _aanalysis. ; Numerical
942 _2ddc
_cBK
999 _c161573
_d161573